Možnosti zvyšovania úrodnosti pôd flyšovej oblasti

Bibliographic Details
Main Authors: Fulajtár, Emil, 1932- (Author), Sedlák, Štefan (Author)
Format: Article
Language:Slovak
Subjects:

MARC

LEADER 00000nab a2200000 a 4500
001 vtls000212574
003 SK-MaSNL
005 20260302203955.0
008 111130c1984 xo 0 slo
015 |a SNBRB19rr/mm-uuuuu 
035 |a CL0222688 
040 |a SNKBUCL  |b slo  |c SNKBUCL  |e AACR2 
041 0 |a slo 
044 |a xo  |c SK 
080 |a 631.452  |2 1981 
080 |a 631.6  |2 1981 
100 1 |a Fulajtár, Emil,  |d 1932-  |4 aut  |9 191246 
245 1 0 |a Možnosti zvyšovania úrodnosti pôd flyšovej oblasti  |c Emil Fulajtár, Štefan Sedlák 
300 |b Tb. 3. 
650 0 7 |a poľnohospodárska pôda  |2 snkbucl  |9 31794 
655 7 |a články z novín a časopisov  |2 snkbucl  |9 267496 
700 1 |a Sedlák, Štefan  |4 aut  |9 377148 
773 0 |t Informácie ŠMS  |g Roč. 10, č. 1 (1984), s. 58-63 
850 |a Slovenská národná knižnica v Martine  |a MTA001 
852 |a SNK  |b KIS3GCP 
958 |a RK 
992 |a RBX 
999 |c 1471321  |d 1473251